00970cam a22002531 4500001001300000003000400013005001700017008004100034010001700075035001900092040002600111041001100137042001200148050002100160130006100181245019700242250002100439260006100460300002400521440004400545500004400589700003600633700004700669sa 66004511 DLC20260227112243.0780317s1965 ii 000 0 eng  asa 66004511  a(OCoLC)3726456 aDLCcNcCUdOCoLCdDLC0 aengsan apremarc00aPK3631b.N3 19650 aMahābhārata.pNalopākhyāna.lEnglish & Sanskrit.10aNalopākhyānam ;bstory of Nala,can episode of the MahāB̄hārata. The Sanskrit text, with a copious vocabulary and an improved version of Dean Milman's translation, by Monier Williams. a[1st Indian ed.] aVaranasi,bThe Chowkhamba Sanskrit Series Office,c1965. axvi, 330 p.c25 cm. 4aThe Chowkhamba Sanskrit studies,vv. 53 aEnglish and Sanskrit; pref. in English.1 aMilman, Henry Hart,d1791-1868.1 aMonier-Williams, Monier,cSir,d1819-1899.